Detalles MARC
| 000 -LEADER |
| longitud fija campo de control |
02297nam a22005897a 4500 |
| 003 - IDENTIFICADOR DE NUMERO DE CONTROL |
| control del campo |
AR-RoUNA |
| 005 - FECHA DE LA ULTIMA MODIFICACION |
| control del campo |
20251111160354.0 |
| 008 - CAMPO DE CONTROL - LIBROS |
| longitud fija campo de control |
251111b |||||||| |||| 00| 0 spa d |
| 040 ## - ORIGEN DE LA CATALOGACION |
| Agencia que cataloga la obra original |
AR-RoUNA |
| Idioma en que se cataloga |
spa |
| Entidad que modifico el registro |
AR-RoUNA |
| 041 ## - CODIGO DE IDIOMA |
| Codigo de idioma del texto / sonido o titulo separado |
spa |
| Codigo de idioma de la traduccion original y / o intermedios de texto |
fre |
| 044 ## - CODIGO DE PAIS / ENTIDAD PRODUCTORA |
| Codigo MARC del pais |
ag |
| 100 1# - ASIENTO PRINCIPAL - NOMBRE PERSONAL |
| Nombre personal |
Bertin, Robert |
| 9 (RLIN) |
27560 |
| 245 10 - TITULO PROPIAMENTE DICHO |
| Titulo |
Cimentaciones y obras en recalces / |
| Mencion de responsabilidad, etc |
Robert Bertin, Claude Gasc; traduccion por Jorge Ferrer Viñas |
| 246 ## - VARIANTE DE TITULO |
| Titulo propiamente dicho / titulo corto |
Les fondations et reprises en sous-ceuvre |
| 250 ## - MENCION DE EDICION |
| Edicion declarada |
1a. ed. |
| 260 ## - EDITORIAL - PUBLICACION, DISTRIBUCION, ETC. (Pie de imprenta) |
| Lugar de publicacion, distribucion, etc |
Barcelona : |
| Nombre del editor, distribuidor, etc |
Editores Tecnicos Asociados S.A, |
| Fecha de publicacion |
1971 |
| 300 ## - DESCRIPCION FISICA |
| Extension |
313 p.: |
| Otros detalles fisicos |
gráficos, |
| Dimensiones |
25x17 cm |
| 505 0# - NOTA DE CONTENIDO CON FORMATO |
| Título |
INDICE |
| 505 0# - NOTA DE CONTENIDO CON FORMATO |
| Título |
PRIMERA PARTE |
| 505 0# - NOTA DE CONTENIDO CON FORMATO |
| Título |
ESTUDIOS Y TREBAJOS PRELIMINARES |
| 505 0# - NOTA DE CONTENIDO CON FORMATO |
| Título principal |
Cap. I. ESTUDIO DEL TERRENO /p.3 |
| 505 0# - NOTA DE CONTENIDO CON FORMATO |
| Título principal |
Cap. II. CONCEPTO Y ESTUDIO GENERAL DE LAS CIMENTACIONES /p. 47 |
| 505 0# - NOTA DE CONTENIDO CON FORMATO |
| Título principal |
Cap. III. TRABAJOS PRELIMINARES SOBRE EL TERRENO /p.67 |
| 505 0# - NOTA DE CONTENIDO CON FORMATO |
| Título |
SEGUNDA PARTE |
| 505 0# - NOTA DE CONTENIDO CON FORMATO |
| Título |
CIMENTACIONES SUPERFICIALES |
| 505 0# - NOTA DE CONTENIDO CON FORMATO |
| Título principal |
Cap. I. CIMENTACIONES EN ZANJAS /p.121 |
| 505 0# - NOTA DE CONTENIDO CON FORMATO |
| Título principal |
Cap. II. CIMENTACIONES SOBRE LOSAS, ZAPATAS Y PLACAS /p.135 |
| 505 0# - NOTA DE CONTENIDO CON FORMATO |
| Título principal |
Cap. III. CIMENTACIONES MEDIANTE LOSAS GENERALES O CONTINUAS /p.149 |
| 505 0# - NOTA DE CONTENIDO CON FORMATO |
| Título |
TERCERA PARTE |
| 505 0# - NOTA DE CONTENIDO CON FORMATO |
| Título |
CIMENTACIONES PROFUNDAS |
| 505 0# - NOTA DE CONTENIDO CON FORMATO |
| Título principal |
Cap. I. CIMENTACION MEDIANTE POZOS /p.161 |
| 505 0# - NOTA DE CONTENIDO CON FORMATO |
| Título principal |
Cap. II. FUNDACIONES SOBRE PILOTES /p.177 |
| 505 0# - NOTA DE CONTENIDO CON FORMATO |
| Título principal |
Cap. III. CALCULO DE CIMENTOS SOBRE POZOS Y PILOTES /p.213 |
| 505 0# - NOTA DE CONTENIDO CON FORMATO |
| Título |
CUARTA PARTE |
| 505 0# - NOTA DE CONTENIDO CON FORMATO |
| Título |
CIMENTACIONES ESPECIALES |
| 505 0# - NOTA DE CONTENIDO CON FORMATO |
| Título principal |
Cap. I. CIMENTACIONES CON SUBPRESION DE AGUA /p.231 |
| 505 0# - NOTA DE CONTENIDO CON FORMATO |
| Título principal |
Cap. II. CIMENTACIONES EN TERRENOS INESTABLES /p.245 |
| 505 0# - NOTA DE CONTENIDO CON FORMATO |
| Título principal |
Cap. III.CIMENTACIONES ANTIVIBRACIONES /p.265 |
| 505 0# - NOTA DE CONTENIDO CON FORMATO |
| Título |
QUINTA PARTE |
| 505 0# - NOTA DE CONTENIDO CON FORMATO |
| Título |
CONSOLIDACIONES, OBRAS EN RECALCES. |
| 505 0# - NOTA DE CONTENIDO CON FORMATO |
| Título principal |
Cap. I. CONSOLIDACION DE LAS CIMENTACIONES /p.279 |
| 505 0# - NOTA DE CONTENIDO CON FORMATO |
| Título principal |
Cap. II. CONSTRUCCIONES EN RECALCES DE FABRICA DE MAMPOSTERIA OLADRILLERIA /p.299 |
| 650 #4 - MATERIA - TERMINO TEMATICO |
| Término temático general |
Cimentaciones |
| 650 #4 - MATERIA - TERMINO TEMATICO |
| Término temático general |
Estudio del terreno |
| General subdivision |
Suelo |
| 700 1# - ENTRADA SECUNDARIA - NOMBRES PERSONALES |
| Nombre personal |
Gasc, Claude |
| 9 (RLIN) |
27562 |
| 700 1# - ENTRADA SECUNDARIA - NOMBRES PERSONALES |
| Nombre personal |
Ferrer Viñals, Jorge |
| Función |
tr. |
| 9 (RLIN) |
27563 |
| 908 ## - SOPORTE |
| Soporte |
Imp |
| 930 ## - ACCESION |
| Numero de accesion (NR) |
12276 |
| 942 ## - FUENTE DE CLASIFICACION |
| Clasificacion |
Dewey Decimal Classification |
| Tipo de item |
Libro |
| 945 ## - INFORMACION DE PROCESAMIENTO |
| Codigo del operador |
MIA |
| Fecha de ingreso o modificacion |
2025-11-11 |
| 980 ## - DECLARACIÓN DE EQUIVALENCIA O SERIE DE REFERENCIA CRUZADA - NOMBRE / TÍTULO PERSONAL [LOCAL, CANADÁ] |
| Código del operador |
1 |
| Nombre del operador |
Maricel Allasia |
| Código del operador que modifico el registro |
1 |
| Nombre del operador que modifico el registro |
Maricel Allasia |